000 00977nam a22002657a 4500
999 _c9783
_d9783
003 AR-CdUCM
008 190328b ||||| |||| 00| 0 spa d
020 _a978-607-618-374-3
040 _aMUNICIPALIDAD PROVINCIAL DEL CUSCO
_cBIBLIOTECA MUNICIPAL DEL CUSCO
041 _hspa
082 _aEP / 803 /
_bP26
100 _aWilde, Oscar
_91401
245 _aEl cohete realmente excepcional :
_by otras historias disparatadas /
260 _aMéxico :
_bSilver Dolphin,
_c2015.
300 _a40 páginas ;
_bIlustraciones a color,
_c22 cm.
500 _aTítulo original: The remarcable rocket
505 _aContenido: El señor vinagre -- El pastel de luna -- El cohete realmente excepcional -- El visitante del paraíso.
650 _aNarrativa
_967
650 _acuentos infantiles
_926201
700 _aJacobs, Joseph
_926223
700 _aParker, Vic (Compilador)
_926203
700 _aCaballero, Samantha (Traductora)
_926224
942 _2ddc
_cLIBROS
945 _araen